01152nam a2200265 i 450000100060000000300090000600500170001500800410003201600310007303500210010403500270012504000370015208000280018908000240021708000230024110000720026424501360033626000640047230000230053660000770055965100440063665100490068085200690072985600880079826602ES-MaACL20260327112609.0050506s1916 sp 000 0 spa 7 abimoBNE200502741932SpMaBN a(OCoLC)433456749 a(SpMaBN)bimo0002021599 aSpMaBNbspacSpMaBNerdcdSpMaBN a929 Figueredo, Diego de a94(460.353 Morón) a94(460)"0711/1492" aPilares, Ramón Auñón y Villalón,cMarqués de, d1844-192513aEl gran alcaide de Morón, Diego de Figueredo, en el último tercio del siglo XVh[Texto impreso]cRamón Auñón y Villalón a[S.l.]b[s.n.]c1916eMadridfImp. del Ministerio de Marina a110 p.bil.c23 cm17aFigueredo, Diego de, dfl. s. XV0http://datos.bne.es/resource/XX1717178 7aMorón de la FronteraxHistoria2embne 0aEspaña-xHistoria-y711-1492 (Reconquista) aES-MaACLcDEPOFj1510-F-4zRevisado enlace: 27 de Marzo de 2025.4 uhttp://bdh-rd.bne.es/viewer.vm?id=0000123950&page=1yBiblioteca Digital Hispánica